|
|
|
|
| LEADER |
01444nam a2200325 a 4500 |
| 001 |
00022295 |
| 003 |
BD-DhAAL |
| 008 |
100927s1964 bg w 000 0 eng d |
| 040 |
|
|
|a BD-DhAAL
|c BD-DhAAL
|
| 082 |
0 |
0 |
|a 348.5492046
|
| 130 |
0 |
|
|a DLR
|
| 245 |
0 |
4 |
|a The Dacca law reports :
|b fortnightly law journal.
|n Volume 16 /
|c edited by Obaidul Huq Chowdhury.
|
| 246 |
1 |
7 |
|a The Dhaka law reports.
|
| 260 |
|
|
|a Dacca [Bangladesh] :
|b Dacca Law Reports,
|c 1964
|
| 300 |
|
|
|a iv, 703 p. :
|c 25 cm
|
| 362 |
0 |
|
|a Vol. 16
|
| 500 |
|
|
|a Index of cases of the High court of Pakistan.
|
| 500 |
|
|
|a "A journal of law reports."
|
| 500 |
|
|
|a Latest issue consulted: Vol.XVI, January to December,1964
|
| 505 |
|
|
|a v. 16. Table of cases of the High court of East Pakistan, Dacca.
|
| 541 |
|
|
|e 00022295
|
| 590 |
|
|
|a Published yearly.
|
| 650 |
|
0 |
|a Law reports, digests, etc.
|z Bangladesh.
|
| 650 |
|
0 |
|a Law reports, digests, etc.
|z India
|z Bengal.
|
| 710 |
1 |
|
|a Chowdhury,Obaidul Haque.
|9 1116
|
| 852 |
4 |
|
|a Ayesha Abed Library
|j General shelf
|
| 942 |
0 |
0 |
|0 1
|2 ddc
|c 1HOUR
|
| 999 |
|
|
|c 10660
|d 10660
|
| 952 |
|
|
|0 0
|1 0
|2 ddc
|4 0
|6 348_549204600000000_DAC
|7 0
|8 REF
|9 16027
|a BRACUL
|b BRACUL
|c CIR
|d 2011-04-07
|l 8
|o 348.5492046 DAC
|p 3010022295
|r 2018-03-18
|s 2018-03-18
|t 1
|w 2011-04-07
|y 1HOUR
|
| 952 |
|
|
|0 0
|1 0
|2 ddc
|4 0
|6 348_549200000000000_046_DAC
|7 0
|8 REF
|9 54158
|a BRACUL
|b BRACUL
|c REF
|d 2015-06-08
|g 994.00
|l 2
|o 348.5492046 DAC
|p 3010029131
|r 2019-11-25
|s 2019-11-25
|t 2
|w 2015-06-08
|y 1HOUR
|